Energetická politika Slovenskej republiky ako významný faktor ekonomickej výkonnosti

Procesy a nástroje energetickej politiky SR pre dosiahnutie cieľov energetickej politiky EÚ. Analýza špecifík slovenského energetického sektora a možnosti zvyšovania jeho efektívnosti. Právny a inštitucionálny rámec energetickej politiky SR. Súčasný stav a vývojové smerovanie trhu s energiami v SR....

Descrizione completa

Salvato in:
Dettagli Bibliografici
Autore principale: Dičér, Marián
Natura: Capitolo di libro
Lingua:slovacco
Soggetti:
Tags: Aggiungi Tag
Nessun Tag, puoi essere il primo ad aggiungerne!!

MARC

LEADER 00000nla$a2200000$$$4500
001 0111620
005 20240502072233.6
041 0 |a slo 
044 |a SK 
245 1 0 |a Energetická politika Slovenskej republiky ako významný faktor ekonomickej výkonnosti  |c Marián Dičér 
520 |a Procesy a nástroje energetickej politiky SR pre dosiahnutie cieľov energetickej politiky EÚ. Analýza špecifík slovenského energetického sektora a možnosti zvyšovania jeho efektívnosti. Právny a inštitucionálny rámec energetickej politiky SR. Súčasný stav a vývojové smerovanie trhu s energiami v SR. Energetický palivový mix. Energetická efektívnosť v SR. 
610 2 0 |a politika energetická 
610 2 0 |a bezpečnosť energetická 
610 2 0 |a Európska únia 
610 2 0 |a Slovensko 
610 2 0 |a trh energetický 
610 2 0 |a ropa 
610 2 0 |a plyn zemný 
610 2 0 |a energia elektrická 
610 2 0 |a efektívnosť 
100 1 |a Dičér, Marián